00401nam a2200157Ia 450000500170000000800410001702000150005805000250007310000190009824500370011726000350015430000330018944000060022252100070022852600080023520140311163139.0140130s9999 xx 000 0 und d a0439866669 aQL 737.C4b.T45 2006 aThomson, Sarah cThomson, SarahaAmazing whales / bScholastic,c2006.aNew York : a27 p. :bcol. ill. ;c23 cm. v1 aG8 c920